| 000 | 00434nam a2200157 a 4500 | ||
|---|---|---|---|
| 001 | 877 | ||
| 003 | CDMR | ||
| 005 | 20130326193031.0 | ||
| 008 | 130130s1990||||||||||||||||||||||||||||d | ||
| 020 | _a8475962238 | ||
| 040 |
_aCDMR _bcat _cCDMR |
||
| 100 | 1 |
_aTubau, Iván _9494 |
|
| 245 | 1 | 3 |
_aEl català que ara es parla _b: llengua y periodismo a la radio i la televisió _cIvan Tubau |
| 260 |
_aBarcelona _c1990 _bEmpúries |
||
| 942 |
_cMON _2udc |
||
| 999 |
_c877 _d877 |
||